Research Methods (Record no. 14200)

MARC details
000 -LEADER
fixed length control field 00661nam a2200241 a 4500
020 ## - INTERNATIONAL STANDARD BOOK NUMBER
ISBN 8172243
082 00 - DEWEY DECIMAL CLASSIFICATION NUMBER
Classification number 001.422014
Author Cutter MAR
100 ## - MAIN ENTRY--AUTHOR NAME
Author name Marshall, Peter
245 ## - TITLE STATEMENT
Title Research Methods
Sub title How to Design and Conduct a Successful Project
260 ## - PUBLICATION, DISTRIBUTION, ETC. (IMPRINT)
Place of publication Mumbai
Name of publisher Jaico Pub.House
Year of publication 2002
300 ## - PHYSICAL DESCRIPTION
Number of Pages 114p
500 ## - GENERAL NOTE
General note includes index and biblioraphy
505 2# - FORMATTED CONTENTS NOTE
Formatted contents note Glossary, Index, Further Reading
650 ## - SUBJECT ADDED ENTRY--TOPICAL TERM
Topical Term Research Methodology
942 ## - ADDED ENTRY ELEMENTS (KOHA)
Koha item type Books
700 1# -
-- Marshall, Peter
Holdings
Collection code Home library Current library Date acquired Cost, normal purchase price Full call number Accession Number Koha item type
  Henry Martyn Institute Library Henry Martyn Institute Library 09/29/2010 95.00 001.422014 MAR 020100 Books
                   Copyright © 2026 | Henry Martyn Institute | Hyderabad | TS-500052 | INDIA | Implemented by hmi.edu.in
Hit-Count:

Powered by Koha